[Event "London Classic op U1750 9th"]
[Site "London"]
[Date "2017.12.07"]
[Round "4"]
[White "Gribben, Chris"]
[Black "MacLeod, Andrew"]
[Result "1-0"]
[WhiteElo "1579"]
[BlackElo "1397"]
[PlyCount "53"]
[EventDate "2017.12.04"]
[EventType "swiss"]
[EventRounds "5"]
[EventCountry "ENG"]
[SourceTitle "CBM 182 Extra"]
[Source "ChessBase"]
[SourceDate "2018.02.23"]
[SourceVersion "1"]
[SourceVersionDate "2018.02.23"]
[SourceQuality "1"]

1. e4 e6 2. d4 d5 3. e5 c5 4. c3 Qb6 5. Nf3 Bd7 6. a3 a5 7. Nbd2 a4 8. Bd3 Nc6 9. dxc5 Bxc5 10. 0-0 Nge7 11. c4 d4 12. Ne4 Ng6 13. Nxc5 Qxc5 14. Bxg6 hxg6 15. Re1 Qxc4 16. Re4 Qc5 17. Bf4 Qb5 18. Qd2 d3 19. Nd4 Nxd4 20. Rxd4 Rh4 21. g3 Rh8 22. Rxd3 Ra6 23. Rd1 f6 24. Rxd7 f5 25. Rd8+ Kf7 26. Qd7+ Qxd7 27. R1xd7# 1-0

[Event "London Classic op U1750 9th"]
[Site "London"]
[Date "2017.12.04"]
[Round "1"]
[White "Chun, Junhyun"]
[Black "Gribben, Chris"]
[Result "1-0"]
[WhiteElo "1288"]
[BlackElo "1579"]
[PlyCount "55"]
[EventDate "2017.12.04"]
[EventType "swiss"]
[EventRounds "5"]
[EventCountry "ENG"]
[SourceTitle "CBM 182 Extra"]
[Source "ChessBase"]
[SourceDate "2018.02.23"]
[SourceVersion "1"]
[SourceVersionDate "2018.02.23"]
[SourceQuality "1"]

1. d4 d5 2. c4 e6 3. Nc3 Nf6 4. Bg5 Be7 5. e3 h6 6. Bh4 0-0 7. Nf3 b6 8. Be2 Bb7 9. 0-0 Nbd7 10. Ne5 c5 11. Qb3 cxd4 12. exd4 dxc4 13. Bxc4 Qc7 14. Bg3 Bd6 15. Nb5 Qb8 16. Nxd7 Bxg3 17. Nxb8 Bxb8 18. Rac1 a6 19. Nc3 b5 20. Be2 Rd8 21. Rfd1 Ba7 22. a4 Nd5 23. axb5 Nxc3 24. bxc3 Rab8 25. b6 Bc6 26. Bxa6 Rxb6 27. Qa3 Ra8 28. Rb1 1-0

[Event "Hampstead op U2200 07"]
[Site "Hampstead"]
[Date "2013.07.21"]
[Round "4"]
[White "Gribben, Chris"]
[Black "Ivanov, Elizabeth"]
[Result "0-1"]
[WhiteElo "1506"]
[BlackElo "1602"]
[PlyCount "48"]
[EventDate "2013.07.20"]
[EventType "swiss"]
[EventRounds "5"]
[EventCountry "ENG"]
[SourceTitle "EXT 2023"]
[Source "ChessBase"]
[SourceDate "2022.10.05"]
[SourceVersion "1"]
[SourceVersionDate "2022.10.05"]
[SourceQuality "1"]

1. e4 c5 2. Nf3 Nc6 3. Bb5 a6 4. Bxc6 bxc6 5. c4 g6 6. 0-0 Bg7 7. Nc3 d6 8. d3 Nf6 9. Re1 0-0 10. h3 Rb8 11. Rb1 Nd7 12. Qc2 Ne5 13. Nxe5 Bxe5 14. Be3 f5 15. Ne2 f4 16. Bd2 f3 17. Ng3 fxg2 18. Kxg2 Bxh3+ 19. Kxh3 Rxf2 20. Rg1 Qd7+ 21. Nf5 Rh2+ 22. Kg4 Kh8 23. Kf3 gxf5 24. Rh1 fxe4+ 0-1

[Event "Hampstead op U2200 07"]
[Site "Hampstead"]
[Date "2013.07.20"]
[Round "1"]
[White "Pride, Stephen C"]
[Black "Gribben, Chris"]
[Result "1-0"]
[WhiteElo "1819"]
[BlackElo "1506"]
[PlyCount "67"]
[EventDate "2013.07.20"]
[EventType "swiss"]
[EventRounds "5"]
[EventCountry "ENG"]
[SourceTitle "EXT 2023"]
[Source "ChessBase"]
[SourceDate "2022.10.05"]
[SourceVersion "1"]
[SourceVersionDate "2022.10.05"]
[SourceQuality "1"]

1. e4 e6 2. b3 d5 3. Bb2 Nf6 4. e5 Nfd7 5. f4 c5 6. Qg4 Nc6 7. Nf3 g6 8. Nc3 Bg7 9. Nb5 f5 10. Nd6+ Kf8 11. Qg3 d4 12. a3 Ndxe5 13. fxe5 Kg8 14. Nxc8 Rxc8 15. Bc4 Qe7 16. 0-0 a6 17. a4 Rc7 18. c3 Na5 19. cxd4 Nxc4 20. bxc4 cxd4 21. d3 Rd7 22. Ba3 Qe8 23. Bd6 Bh6 24. Nxd4 Bg7 25. Nf3 Qc8 26. Rab1 Qe8 27. Rb3 h6 28. Rfb1 Qf7 29. Qf2 g5 30. Qa7 b5 31. Qxa6 bxc4 32. Rb8+ Kh7 33. Rxh8+ Kxh8 34. dxc4 1-0